000 00684nam a2200193 i 4500
001 92477
003 ES-MaACL
005 20230906180959.0
007 t|
008 050308s1978 sp ||||1| spa d
100 1 _aLinazasoro, Iñaki.
_972364
245 1 0 _aPermanencias y arquitectura urbana
_b: las ciudades vascas de la época romana a la Ilustración /
_cIñaki Linazasoro.
260 _a[Barcelona] :
_bGustavo Gili,
_c[1978]
300 _a235 p. :
_bil.; 29 lám; 1 plano pleg. ;
_c24 cm.
490 1 _aColección Arquitectura / Perspectivas
830 0 _aColección Arquitectura / Perspectivas
_9232041
852 _aES-MaACL
_jA-10108
_bR.99206
999 _c92477
_d92477